| 000 | 01158nam0a22002651 4500 | ||
|---|---|---|---|
| 001 | rc\3918935 | ||
| 005 | 20130415110552.2 | ||
| 035 | _a(NLR Aleph) 007912622 | ||
| 090 |
_a8107035 _c8107035 |
||
| 100 | _a20130415d1946 |||y0rusy50 ca | ||
| 101 | 0 | _arus | |
| 102 | _aRU | ||
| 105 | _aa z ||||| | ||
| 200 | 1 |
_aАнализ работы основных схем воздушно-реактивных двигателей в сверхзвуковом потоке _fМ.М. Бондарюк, Г.А. Варшавский, В.С. Зуев |
|
| 210 |
_a[Москва] _cИзд-во Бюро новой техники _d1946 |
||
| 215 |
_a53 с. _cчерт. _d29 |
||
| 225 | 1 |
_aМинистерство авиационной промышленности СССР. Научно-исследовательский институт № 1. Труды НИИ-1 _v№ 20 с. п. |
|
| 700 | 1 |
_aБондарюк _bМ. М. _f1908-1969 _gМихаил Макарович |
|
| 701 | 1 |
_aЗуев _bВ. С. |
|
| 701 | 1 |
_aВаршавский _bГ. А. |
|
| 801 | 0 |
_aRU _bNLR _gpsbo |
|
| 801 | 1 |
_aRU _bELAR _2rusmarc |
|
| 852 |
_aNLR _jФз02 Г-8/54-20 |
||
| 942 | _cBOOK | ||
| 980 | _aNB | ||